| 000 | 00525nam a2200157Ia 4500 | ||
|---|---|---|---|
| 005 | 20250508160327.0 | ||
| 008 | 008 250505s9999 xx 000 0 eng d | ||
| 037 | _aBooks to be hide in OPAC | ||
| 040 |
_aFEDL _beng _cFEDL |
||
| 041 |
_aeng _2eng |
||
| 084 |
_a370.9497, YUG/O _qFEDL |
||
| 245 | 0 | _aSelected bibliography of Yugoslav educational materials. Vol 1, No. 2 , 1965 and V.2 No.1, 1966 | |
| 260 |
_aBelgrade _bPublishing House _c1965 |
||
| 942 |
_cHB _h370.9497, YUG/O |
||
| 999 |
_c1363706 _d1363706 |
||